ბათუმის შოთა რუსთაველის სახელმწიფო უნივერსიტეტის ბიბლიოთეკა

Биология. (ბიბ.ჩანაწერი № 34983)

000 -LEADER
fixed length control field 00672nam a2200241Ia 4500
001 - CONTROL NUMBER
control field 819
003 - CONTROL NUMBER IDENTIFIER
control field GE_BSU
008 - FIXED-LENGTH DATA ELEMENTS--GENERAL INFORMATION
fixed length control field 181216s||||||||xx |||||||||||||| ||und||
020 ## - INTERNATIONAL STANDARD BOOK NUMBER
International Standard Book Number 506005363
040 ## - CATALOGING SOURCE
Transcribing agency GE_BSU
080 ## - UNIVERSAL DECIMAL CLASSIFICATION NUMBER
Universal Decimal Classification number 7(075.32)
100 ## - MAIN ENTRY--PERSONAL NAME
Personal name Ярыгина,В.Н. и др
245 ## - TITLE STATEMENT
Title Биология.
245 ## - TITLE STATEMENT
Statement of responsibility, etc. Под. ред. В.Н.Ярыгина. Учебное пособие для студ. медицинских училищ.
260 ## - PUBLICATION, DISTRIBUTION, ETC.
Place of publication, distribution, etc. Москва
260 ## - PUBLICATION, DISTRIBUTION, ETC.
Name of publisher, distributor, etc. ,,Высшшая школа
260 ## - PUBLICATION, DISTRIBUTION, ETC.
Date of publication, distribution, etc. 2006
300 ## - PHYSICAL DESCRIPTION
Extent 454 с.
653 ## - INDEX TERM--UNCONTROLLED
Uncontrolled term Биология
653 ## - INDEX TERM--UNCONTROLLED
Uncontrolled term ბიოლოგია
942 ## - ADDED ENTRY ELEMENTS (KOHA)
Koha item type წიგნი
ეგზემპლარები
Withdrawn status Lost status Damaged status Not for loan Date acquired Barcode Date last seen Price effective from Koha item type
        2018-12-17 1998 2018-12-17 2018-12-17 წიგნი